Mezinárodní měnová spolupráce

Guardado en:
Detalles Bibliográficos
Autor principal: Marková, Jana
Formato: Libro
Lenguaje:checo
Publicado: Praha VŠE v Praze, Nakladatelství Oeconomica 2006
Materias:
Etiquetas: Agregar Etiqueta
Sin Etiquetas, Sea el primero en etiquetar este registro!

MARC

LEADER 00000nam$a2200000$$$4500
001 0054046
005 20240226134213.5
020 |a 80-245-1053-7 
041 0 |a cze 
044 |a CZ 
245 1 0 |a Mezinárodní měnová spolupráce  |c Jana Marková 
264 1 |a Praha  |b VŠE v Praze, Nakladatelství Oeconomica  |c 2006 
300 |a 269 s. 
610 2 0 |a mena 
610 2 0 |a politika menová 
610 2 0 |a spolupráca medzinárodná 
610 2 0 |a politika finančná 
610 2 0 |a emisia 
610 2 0 |a banky 
610 2 0 |a únie menové 
610 2 0 |a systém menový medzinárodný 
610 2 0 |a banky centrálne 
610 2 0 |a euro 
610 2 0 |a banky investičné 
610 2 0 |a štruktúra organizačná 
610 2 0 |a krajiny rozvojové 
610 2 0 |a Medzinárodný menový fond 
610 2 0 |a Svetová banka 
610 2 0 |a Európska menová únia 
610 2 0 |a Európska centrálna banka 
610 2 0 |a Európska únia 
100 1 |a Marková, Jana